دراسات في تاريخ العرب قبل الإسلام / (رقم التسجيلة. 83415)
[ عرض عادي ]
| 000 -الفاتح | |
|---|---|
| حقل البيانات ثابتة الطول | 00697nam a2200193 4500 |
| 003 - محدد رقم الضبط | |
| رقم الضبط | OSt |
| 005 - وقت وتاريخ اخر تعامل مع التسجيلة | |
| رقم الضبط | 20221003114614.0 |
| 008 - عناصر البيانات ثابتة الطول - معلومات عامة | |
| حقل البيانات ثابتة الطول | 221003b2014 le ||||g |||| 00| 0 ara d |
| 040 ## - مصدر الفهرسة | |
| وكالة الفهرسة الأصلية | Ma-Un |
| وكالة النسخ | Ma-Un |
| 082 04 - رقم تصنيف ديوى العشرى | |
| رقم الطبعة | 21 |
| رقم التصنيف | 953.01 |
| رقم المادة | ك ش د |
| 100 1# - المدخل الرئيسى - إسم شخصى | |
| الإسم الشخصى | كاظم، شاكر مجيد |
| 245 10 - بيان العنوان | |
| العنوان | دراسات في تاريخ العرب قبل الإسلام / |
| بيان المسئوليه,etc | شاكر مجيد كاظم. |
| 250 ## - بيان الطبعة | |
| بيان الطبعة | ط. 1. |
| 260 ## - PUBLICATION, DISTRIBUTION, ETC. (IMPRINT) | |
| مكان الناشر او الموزع | بيروت : |
| اسم الناشر او الموزع | دار الفيحاء، |
| تاريخ النشر أو التوزيع | 2014 |
| تاريخ النشر هجري | 1435. |
| 300 ## - الوصف المادى | |
| التعداد | 157 ص. ؛ |
| أبعاد الوعاء | 24 سم. |
| 504 ## - تبصرة ببليوجرافية | |
| تبصرة ببليوجرافية,الخ | يشتمل على قائمة ببليوجرافية. |
| 651 #7 - المدخل الاضافى بالموضوع - اسم جغرافى | |
| الاسم الجغرافي | البلاد العربية |
| التقسيم الفرعي العام | تاريخ |
| التقسيم الفرعي الزمني | العصر الجاهلي |
| 952 ## - LOCATION AND ITEM INFORMATION (KOHA) | |
| نوع المادة فى نظام كوها | كتاب |
| 952 ## - LOCATION AND ITEM INFORMATION (KOHA) | |
| نوع المادة فى نظام كوها | كتاب |
| 952 ## - LOCATION AND ITEM INFORMATION (KOHA) | |
| نوع المادة فى نظام كوها | كتاب |
| 952 ## - LOCATION AND ITEM INFORMATION (KOHA) | |
| نوع المادة فى نظام كوها | كتاب |
| 952 ## - LOCATION AND ITEM INFORMATION (KOHA) | |
| نوع المادة فى نظام كوها | كتاب |
| 942 ## - | |
| -- | ddc |
| -- | BOOK |
| حالة الفقد | نموذج السعر الفعال | حالة تلف | ليس للاعارة | تاريخ الاكتساب | رقم الطلب | تاريخ الاكتساب | الموقع الحالي | الباركود | الفرع الرئيسي | Date last seen | مصدر التصنيف او خطة الترفيف | Total Checkouts |
|---|---|---|---|---|---|---|---|---|---|---|---|---|
| 2022-10-03 | Not For Loan | 2022-10-03 | 953.01 ك ش د | 2022-10-03 | CL | 00260298 | المكتبة المركزية بالمجمعة (CL) | 2022-10-03 | Dewey Decimal Classification | |||
| 2022-10-03 | 2022-10-03 | 953.01 ك ش د | 2022-10-03 | CL | 00260299 | المكتبة المركزية بالمجمعة (CL) | 2022-10-03 | Dewey Decimal Classification | ||||
| 2022-10-03 | 2022-10-03 | 953.01 ك ش د | 2022-10-03 | CL | 00260300 | المكتبة المركزية بالمجمعة (CL) | 2022-10-03 | Dewey Decimal Classification | ||||
| 2022-10-03 | Not For Loan | 2022-10-03 | 953.01 ك ش د | 2022-10-03 | SZM | 00260301 | مكتبة مجمع الكليات بالزلفى - طلاب (SZM) | 2022-10-03 | Dewey Decimal Classification | |||
| 2022-10-03 | 2022-10-03 | 953.01 ك ش د | 2022-10-03 | SZM | 00260302 | مكتبة مجمع الكليات بالزلفى - طلاب (SZM) | 2022-10-03 | Dewey Decimal Classification |
